[Event "PKL 2005 Senioren en Veteranen"]
[Site "Herkenbosch, Netherlands"]
[Date "2005.11.13"]
[Round "3"]
[White "Dupont, Frank"]
[Black "Tammen, Fred"]
[Result "1-0"]
[WhiteElo "1590"]
[BlackElo "1683"]
[PlyCount "104"]
[EventDate "2005.??.??"]

1. d4 f5 2. c4 Nf6 3. g3 g6 4. Bg2 Bg7 5. Nc3 d6 6. e3 O-O 7. Nge2 c6 8. O-O e5
9. Re1 Qe7 10. b3 a5 11. a4 Na6 12. Ba3 Nb4 13. dxe5 dxe5 14. Na2 c5 15. Nec3
e4 16. Rb1 Rd8 17. Qe2 Nxa2 18. Qxa2 Rd3 19. Qc2 Be6 20. Rbd1 Rad8 21. Rxd3
Rxd3 22. Bf1 Rd7 23. Rd1 b6 24. Bb2 Qd8 25. Rxd7 Nxd7 26. Qd2 Qb8 27. Nd5 Ne5
28. Bxe5 Bxe5 29. Ne7+ Kf7 30. Nc6 Qd6 31. Nxe5+ Qxe5 32. Qd8 Qc3 33. Qxb6 Qb4
34. Qc7+ Kf6 35. Qxh7 Qxb3 36. Qh8+ Kf7 37. Qe5 Qb4 38. Qc7+ Kf6 39. h4 Bxc4
40. Bxc4 Qxc4 41. Qxa5 Qb4 42. Qd8+ Kf7 43. a5 c4 44. a6 c3 45. Qc7+ Ke6 46.
Kg2 Qd6 47. Qc4+ Kd7 48. a7 Qd1 49. Qf7+ Kd6 50. Qxg6+ Ke7 51. Qxf5 c2 52.
Qxe4+ Kf7 1-0

[Event "PKL 2005 Senioren en Veteranen"]
[Site "Herkenbosch, Netherlands"]
[Date "2005.11.13"]
[Round "3"]
[White "de Wit, Gerrit"]
[Black "Meijerink, Harrie"]
[Result "0-1"]
[WhiteElo "1777"]
[BlackElo "1698"]
[PlyCount "102"]
[EventDate "2005.??.??"]

1. e4 c6 2. d4 d5 3. e5 Bf5 4. Nf3 e6 5. Be2 c5 6. O-O Nc6 7. c3 h6 8. a3 Qb6
9. dxc5 Bxc5 10. b4 Bf8 11. a4 g5 12. Re1 Bg7 13. Be3 Qc7 14. Bd4 Nge7 15. Bb5
O-O 16. Bxc6 Nxc6 17. Bc5 Rfe8 18. Bd6 Qd7 19. b5 Na5 20. Na3 Rac8 21. Rc1 f6
22. Bb4 Nc4 23. exf6 Bxf6 24. Nd4 Be4 25. Qg4 Ne5 26. Qh5 Qg7 27. Rcd1 Bg6 28.
Qh3 g4 29. Qe3 Be4 30. Bd6 Nf3+ 31. gxf3 gxf3+ 32. Bg3 Bg5 33. Nxe6 Rxe6 34.
Qd4 Bf6 35. Qxa7 h5 36. Kh1 h4 37. Rg1 hxg3 38. Rxg3 Bg5 39. Rdg1 Rg6 40. h4
Bxh4 41. Rxg6 Bxg6 42. Qb6 Kh7 43. Nc2 Bg5 44. Rg3 Rc4 45. Nd4 Rxc3 46. Rh3+
Bh6 47. Rg3 Rc8 48. Kh2 Bf4 49. Nxf3 Bxg3+ 50. fxg3 Be4 51. Qe3 Qh6+ 0-1

[Event "PKL 2005 Senioren en Veteranen"]
[Site "Herkenbosch, Netherlands"]
[Date "2005.11.13"]
[Round "3"]
[White "Gransier, Theo"]
[Black "Beckers, Piet"]
[Result "0-1"]
[WhiteElo "1534"]
[BlackElo "1591"]
[PlyCount "104"]
[EventDate "2005.??.??"]

1. f4 d5 2. Nf3 e6 3. e3 Nf6 4. b3 g6 5. Bb2 Bg7 6. Nc3 O-O 7. Bb5 a6 8. Bd3
Nc6 9. O-O Bd7 10. Ne2 Na7 11. Rb1 c5 12. c4 dxc4 13. Bxc4 b5 14. Bd3 Bc6 15.
Ng3 Qxd3 16. Rc1 Qd5 17. d3 Rad8 18. d4 Ne4 19. Qe2 Ba8 20. Nxe4 Qxe4 21. Rxc5
Rc8 22. Rfc1 Rxc5 23. Rxc5 Rc8 24. Ba3 Bf8 25. Rxc8 Nxc8 26. Bxf8 Kxf8 27. Ng5
Qb1+ 28. Kf2 Kg7 29. Kg3 Nd6 30. Kh3 h6 31. Nf3 Nf5 32. Ne5 Qe4 33. Nf3 Qxe3
34. Qxe3 Nxe3 35. Nd2 Bxg2+ 36. Kg3 Bd5 37. Kf2 Nf5 38. Nb1 Nxd4 39. Ke3 Nc2+
40. Kd2 Nb4 41. Nc3 Kf6 42. a3 Nc6 43. b4 Kf5 44. Ke3 g5 45. Ne2 a5 46. Ng3+
Kg6 47. Ne2 axb4 48. axb4 Nxb4 49. Nd4 Bc4 50. Nf3 Nd5+ 51. Ke4 Nxf4 52. h4
Bd5+ 0-1

[Event "PKL 2005 Senioren en Veteranen"]
[Site "Herkenbosch, Netherlands"]
[Date "2005.11.13"]
[Round "3"]
[White "van Pol, Thieu"]
[Black "Hendrikx, Jan"]
[Result "1/2-1/2"]
[WhiteElo "1473"]
[BlackElo "1792"]
[PlyCount "78"]
[EventDate "2005.??.??"]

1. d4 Nf6 2. Nf3 e6 3. Bf4 d5 4. Nbd2 Bd6 5. Be5 Nc6 6. Bxd6 Qxd6 7. e3 O-O 8.
c4 e5 9. cxd5 Nxd5 10. Nc4 Qb4+ 11. Qd2 exd4 12. Qxb4 Ndxb4 13. Kd2 dxe3+ 14.
Nxe3 Be6 15. b3 Rfd8+ 16. Kc3 Nd5+ 17. Nxd5 Rxd5 18. Be2 Rc5+ 19. Kb2 Re8 20.
Rhe1 Ne5 21. Nd4 c6 22. f4 Ng6 23. g3 Rd8 24. Nxe6 fxe6 25. Bg4 e5 26. Be6+ Kf8
27. f5 Rd2+ 28. Ka3 Ne7 29. Kb4 Rcc2 30. a4 Nd5+ 31. Ka3 Rxh2 32. Rxe5 Rce2 33.
Rxe2 Rxe2 34. Rd1 Re5 35. Rd3 Ke7 36. Rd4 a5 37. g4 Re2 38. Bxd5 cxd5 39. Rxd5
Re4 {Vanaf dit punt is de notatie niet duidelijk.} 1/2-1/2

[Event "PKL 2005 Senioren en Veteranen"]
[Site "Herkenbosch, Netherlands"]
[Date "2005.12.10"]
[Round "4"]
[White "Meijerink, Harrie"]
[Black "Roesler, Manfred"]
[Result "0-1"]
[WhiteElo "1698"]
[BlackElo "1658"]
[PlyCount "78"]
[EventDate "2005.??.??"]

1. d4 d5 2. c4 Nf6 3. Nc3 e6 4. Nf3 Be7 5. e3 Nbd7 6. Bd3 O-O 7. O-O dxc4 8.
Bxc4 b6 9. Qe2 Bb7 10. e4 Re8 11. Bg5 Nf8 12. Rad1 c6 13. Ne5 Qc7 14. Bh4 Rad8
15. Bg3 Qc8 16. f4 N6d7 17. Ng4 Nf6 18. Nxf6+ Bxf6 19. e5 Be7 20. Ne4 c5 21.
Bb5 Bc6 22. Bf2 Bxb5 23. Qxb5 cxd4 24. Rxd4 Rxd4 25. Bxd4 Rd8 26. Nd6 Bxd6 27.
exd6 Qd7 28. Qg5 Ng6 29. Kh1 Qxd6 30. Bc3 Qe7 31. Qg3 Rd5 32. Qf3 Qd8 33. g4
Rd3 34. Qe2 Qd5+ 35. Kg1 h6 36. f5 Nh4 37. fxe6 fxe6 38. Rf4 Rd1+ 39. Be1 Rxe1+
0-1

[Event "PKL 2005 Senioren en Veteranen"]
[Site "Herkenbosch, Netherlands"]
[Date "2005.12.10"]
[Round "4"]
[White "Hendrikx, Jan"]
[Black "Tammen, Fred"]
[Result "0-1"]
[WhiteElo "1792"]
[BlackElo "1683"]
[PlyCount "84"]
[EventDate "2005.??.??"]

1. e4 g6 2. d4 Bg7 3. Nf3 d6 4. Bc4 Nf6 5. Qe2 Nc6 6. O-O Nd7 7. Rd1 Nb6 8. Bb3
Na5 9. Qb5+ Nc6 10. Bf4 a6 11. Qe2 Na5 12. c4 Nxb3 13. axb3 Bg4 14. Nc3 O-O 15.
Ra5 Nd7 16. b4 b6 17. Ra3 e5 18. dxe5 Nxe5 19. Bxe5 Bxe5 20. h3 Bxf3 21. Qxf3
f5 22. Rda1 fxe4 23. Qxe4 Qf6 24. f3 Rae8 25. Qd5+ Kh8 26. Ne4 Qf4 27. Rd3 Bxb2
28. Rxa6 Re5 29. Qc6 Qc1+ 30. Kh2 Ref5 31. Ng3 Be5 32. Qe4 Rf4 33. Qd5 Rxc4 34.
Ra8 Bxg3+ 35. Kxg3 Qf4+ 36. Kf2 Rc2+ 37. Kf1 Rc1+ 38. Kf2 Rc2+ 39. Kf1 Rxa8 40.
Qxa8+ Kg7 41. Qa1+ Kh6 42. Rc3 Qe5 0-1

[Event "PKL 2005 Senioren en Veteranen"]
[Site "Herkenbosch, Netherlands"]
[Date "2005.12.10"]
[Round "4"]
[White "Beckers, Piet"]
[Black "Scheeren, Wiel"]
[Result "1/2-1/2"]
[WhiteElo "1591"]
[BlackElo "1593"]
[PlyCount "84"]
[EventDate "2005.??.??"]

1. d4 f5 2. g3 Nf6 3. Bg2 g6 4. c4 d6 5. Nf3 Bg7 6. O-O O-O 7. Nc3 c6 8. b3 Qc7
9. Bb2 e5 10. d5 Na6 11. Ng5 h6 12. Nh3 Kh7 13. f3 g5 14. e4 f4 15. Kh1 Qe7 16.
g4 Nc7 17. a4 c5 18. Nb5 Nxb5 19. cxb5 b6 20. Rc1 Kg6 21. Nf2 Rh8 22. h3 h5 23.
Kh2 hxg4 24. fxg4 Bd7 25. Rh1 Rh4 26. Kg1 Rc8 27. Qf3 Rc7 28. Qe2 Bc8 29. Bf3
Kf7 30. Kg2 Ng8 31. Qd3 Bf6 32. Ba3 Kg7 33. b4 Nh6 34. bxc5 bxc5 35. Qb3 Nf7
36. a5 Rb7 37. Qc4 Qd7 38. Rb1 Bd8 39. a6 Rb8 40. Be2 Bb6 41. Bb2 Kf6 42. Bc3
Nh6 1/2-1/2

[Event "PKL 2005 Senioren en Veteranen"]
[Site "Herkenbosch, Netherlands"]
[Date "2005.12.10"]
[Round "4"]
[White "Gransier, Theo"]
[Black "van Pol, Thieu"]
[Result "1-0"]
[WhiteElo "1534"]
[BlackElo "1473"]
[PlyCount "71"]
[EventDate "2005.??.??"]

1. f4 d5 2. Nf3 g6 3. e3 Bg7 4. Nc3 c5 5. Ne5 Nf6 6. b3 O-O 7. Bb2 b6 8. Bd3
Bb7 9. O-O Nc6 10. Nxc6 Bxc6 11. Kh1 Qc7 12. Ne2 Rad8 13. Be5 Qb7 14. Ng3 d4
15. Rg1 dxe3 16. dxe3 Nd5 17. Bxg7 Nxe3 18. Qe2 Nxg2 19. Rxg2 Bxg2+ 20. Qxg2
Qxg2+ 21. Kxg2 Kxg7 22. Re1 e6 23. Re4 Rd4 24. Rxd4 cxd4 25. Ne2 Rd8 26. Kf3 f5
27. Ng1 Kf6 28. Nh3 h6 29. Ng1 g5 30. Ne2 g4+ 31. Kg3 e5 32. fxe5+ Kxe5 33. Nf4
Rd6 34. Ne2 Rc6 35. Bxf5 Rxc2 36. Bxc2 1-0

[Event "PKL 2005 Senioren en Veteranen"]
[Site "Herkenbosch, Netherlands"]
[Date "2005.12.11"]
[Round "5"]
[White "Roesler, Manfred"]
[Black "de Wit, Gerrit"]
[Result "0-1"]
[WhiteElo "1658"]
[BlackElo "1777"]
[PlyCount "36"]
[EventDate "2005.??.??"]

1. d4 Nf6 2. c4 g6 3. Nf3 Bg7 4. Nc3 O-O 5. g3 d6 6. Bg2 Nbd7 7. O-O c6 8. e4
e5 9. d5 c5 10. Bg5 h6 11. Be3 Ng4 12. Qe2 Nxe3 13. Qxe3 Nf6 14. h3 Nh5 15. Nh2
f5 16. exf5 gxf5 17. f4 exf4 18. gxf4 Bd4 0-1

[Event "PKL 2005 Senioren en Veteranen"]
[Site "Herkenbosch, Netherlands"]
[Date "2005.12.11"]
[Round "5"]
[White "Tammen, Fred"]
[Black "Schreinemachers, Jo"]
[Result "1/2-1/2"]
[WhiteElo "1683"]
[BlackElo "1655"]
[PlyCount "30"]
[EventDate "2005.??.??"]

1. d4 d5 2. Nf3 Nf6 3. e3 c5 4. c3 e6 5. Bd3 Nc6 6. O-O Bd6 7. Nbd2 O-O 8. Re1
Qc7 9. h3 b6 10. e4 dxe4 11. Nxe4 Nxe4 12. Bxe4 Bb7 13. Ng5 g6 14. h4 cxd4 15.
cxd4 Ne7 1/2-1/2

[Event "PKL 2005 Senioren en Veteranen"]
[Site "Herkenbosch, Netherlands"]
[Date "2005.12.11"]
[Round "5"]
[White "Dupont, Frank "]
[Black "Gransier, Theo "]
[Result "1/2-1/2"]
[WhiteElo "1590"]
[BlackElo "1534"]
[PlyCount "110"]
[EventDate "2005.??.??"]

1. d4 Nf6 2. c4 g6 3. Nc3 d5 4. cxd5 Nxd5 5. e4 Nxc3 6. bxc3 Bg7 7. Nf3 c5 8.
Be3 Qa5 9. Qc2 Bg4 10. Be2 Bxf3 11. Bxf3 cxd4 12. Bd2 dxc3 13. Be3 Nc6 14. O-O
Ne5 15. Be2 O-O 16. f4 Nc6 17. e5 Nb4 18. Qxc3 Nc6 19. Qb3 Qb4 20. Qd5 Rfd8 21.
Qf3 Nd4 22. Qf2 Nxe2+ 23. Qxe2 e6 24. Rab1 Qe7 25. Qb5 b6 26. Qc6 Rac8 27. Qe4
Rd5 28. Rfd1 Rcd8 29. Rxd5 Rxd5 30. Rc1 h5 31. g3 Qb7 32. Qa4 Qd7 33. Qc2 Kh7
34. Qe2 Bf8 35. Kg2 Bc5 36. Rc2 Bxe3 37. Qxe3 Rd3 38. Qf2 Kg7 39. Kh3 Qd4 40.
Qg2 Qd5 41. Qe2 a6 42. Rb2 b5 43. Qe1 Qf3 44. Rf2 Qe3 45. Re2 Qf3 46. Rf2 Rd1
47. Rxf3 Rxe1 48. Ra3 Re4 49. Rxa6 Ra4 50. Rxa4 bxa4 51. Kh4 f6 52. a3 Kf7 53.
h3 Kg7 54. g4 hxg4 55. hxg4 Kf7 1/2-1/2

[Event "PKL 2005 Senioren en Veteranen"]
[Site "Herkenbosch, Netherlands"]
[Date "2005.12.11"]
[Round "5"]
[White "Hendrikx, Jan "]
[Black "Beckers, Piet "]
[Result "1-0"]
[WhiteElo "1792"]
[BlackElo "1591"]
[PlyCount "98"]
[EventDate "2005.??.??"]

1. e4 c5 2. Nf3 Nc6 3. d4 cxd4 4. Nxd4 Nxd4 5. Qxd4 d6 6. c4 e5 7. Qd1 Nf6 8.
Nc3 Be7 9. Bd3 O-O 10. O-O h6 11. b3 Nh7 12. Qh5 Nf6 13. Qe2 b6 14. Ba3 Bb7 15.
Rad1 a6 16. Bb1 Qc7 17. Rd3 Rfd8 18. Rc1 Bf8 19. Rcd1 Bc6 20. f3 b5 21. cxb5
axb5 22. Bb4 Bb7 23. Qd2 Qb6+ 24. Qf2 Qc6 25. R3d2 Nh5 26. Bd3 Ba6 27. Nd5 Rab8
28. Rc2 Qd7 29. Rc7 Qe8 30. Qh4 Nf6 31. Qxf6 gxf6 32. Nxf6+ Kg7 33. Nxe8+ Rxe8
34. Rdc1 Kf6 35. Ra7 Ra8 36. Rcc7 Rxa7 37. Rxa7 Bc8 38. Bxb5 Re7 39. Rxe7 Bxe7
40. Bc6 Be6 41. Kf2 Kg5 42. Bd5 Bxd5 43. exd5 Kf4 44. g3+ Kf5 45. Ke3 Bg5+ 46.
Kd3 Be7 47. a4 h5 48. a5 h4 49. a6 hxg3 1-0

[Event "PKL 2005 Senioren en Veteranen"]
[Site "Herkenbosch, Netherlands"]
[Date "2005.12.11"]
[Round "5"]
[White "Scheeren, Wiel"]
[Black "van Pol, Thieu"]
[Result "1-0"]
[WhiteElo "1593"]
[BlackElo "1473"]
[PlyCount "95"]
[EventDate "2005.??.??"]

1. f4 d5 2. Nf3 g6 3. g3 Bg7 4. c3 c5 5. Bg2 Nf6 6. d3 O-O 7. O-O Nc6 8. Qc2 b6
9. e4 dxe4 10. dxe4 Bb7 11. Rd1 Qc7 12. Na3 a6 13. e5 Nd7 14. Nc4 Rad8 15. Be3
b5 16. Ncd2 c4 17. Ne4 Nb6 18. Nc5 Nd5 19. Bf2 e6 20. Ng5 Rfe8 21. Ngxe6 Rxe6
22. Bxd5 Ree8 23. Nxb7 Qxb7 24. Qe4 Rc8 25. Bxc6 Qxc6 26. Qxc6 Rxc6 27. Rd7 Bf8
28. Rad1 Re7 29. Rd8 Rce6 30. Bc5 Re8 31. Rxe8 Rxe8 32. Bxf8 Kxf8 33. Rd6 Re6
34. Rxe6 fxe6 35. Kf2 Ke7 36. Ke3 Kd7 37. Kd4 Kc6 38. h3 a5 39. a3 a4 40. g4 h5
41. Ke4 hxg4 42. hxg4 Kd7 43. f5 gxf5+ 44. gxf5 exf5+ 45. Kxf5 Ke7 46. e6 Kf8
47. Kf6 Ke8 48. e7 1-0